| 000 | 00771nam a2200217Ii 4500 | ||
|---|---|---|---|
| 003 | JO-AjNU | ||
| 008 | 230605s9999||||xx |||||||||||||| ||und|| | ||
| 017 | _a1988/8/409 | ||
| 040 |
_aJO-AjNU _bara _erda _cJO-AjNU |
||
| 041 | _aara | ||
| 050 | 1 | 4 | _aKMM166.3.A7488.1988 |
| 100 | 3 |
_aالاعرج ، موسى فهد , _eauthor _946860 |
|
| 245 | 0 | 0 | _aالموجز في شرح قانون أصول المحاكمات المدنية الأردني ( قانون رقم 24 لسنة 1988 ) |
| 250 | _a(د،ط) | ||
| 264 | 3 | 1 | _aعمان : دار الكرمل ، 1988 |
| 300 | _a192ص | ||
| 336 |
_atext _btxt _2rdacontent |
||
| 337 |
_aunmediated _bn _2rdamedia |
||
| 338 |
_avolume _bnc _2rdacarrier |
||
| 650 | 4 |
_aقضاء مدني -- محاكمات -- الاردن _946861 |
|
| 999 |
_aA20416 _c23984 _d23984 |
||